000 00494nam a2200157Ia 4500
008 090123s9999 xx 000 0 und d
082 _b19073
245 _aशत कुमार कथा
250 _a1
260 _bगोकुळ मासिक प्रकाशन
_c1986
300 _a232
630 _aशत कुमार कथा
700 _aगाडगीळ अमरेंद्र लक्ष्मण
730 _aशत कुमार कथा
942 _cBOOK
999 _c57138
_d57138